5HLuxD.jpg

KING HENRY VIII SENIOR AND PRIMARY SCHOOL LIBRARY OPAC

In good faith : (Record no. 4192)

000 -LEADER
fixed length control field 00924cam a22002777a 4500
001 - CONTROL NUMBER
control field 15301649
003 - CONTROL NUMBER IDENTIFIER
control field OSt
005 - DATE AND TIME OF LATEST TRANSACTION
control field 20250124085302.0
008 - FIXED-LENGTH DATA ELEMENTS--GENERAL INFORMATION
fixed length control field 080522s2007 my 000 0 eng
010 ## - LIBRARY OF CONGRESS CONTROL NUMBER
LC control number 2007322520
020 ## - INTERNATIONAL STANDARD BOOK NUMBER
International Standard Book Number 9789834352103
040 ## - CATALOGING SOURCE
Original cataloging agency DLC
Transcribing agency DLC
Modifying agency KH8
042 ## - AUTHENTICATION CODE
Authentication code lcode
050 00 - LIBRARY OF CONGRESS CALL NUMBER
Classification number MLCS 2009/43191 (H)
082 ## - DEWEY DECIMAL CLASSIFICATION NUMBER
Classification number 959.5 ZAI
100 0# - MAIN ENTRY--PERSONAL NAME
Personal name Zaid Ibrahim,
Dates associated with a name 1951-
Relator term author.
245 10 - TITLE STATEMENT
Title In good faith :
Remainder of title articles, essays, and interviews /
Statement of responsibility, etc. Zaid Ibrahim ; with an introduction by Tun Musa Hitam.
260 ## - PUBLICATION, DISTRIBUTION, ETC.
Place of publication, distribution, etc. [Kuala Lumpur, Malaysia :
Name of publisher, distributor, etc. Zaid Ibrahim Publications,
Date of publication, distribution, etc. c2007]
300 ## - PHYSICAL DESCRIPTION
Extent iv, 364 p. ;
Dimensions 20 cm.
500 ## - GENERAL NOTE
General note Cover title.
651 ## - SUBJECT ADDED ENTRY--GEOGRAPHIC NAME
Geographic name Malaysia
General subdivision Politics and government
651 ## - SUBJECT ADDED ENTRY--GEOGRAPHIC NAME
Geographic name Malaysia
General subdivision Social conditions
Chronological subdivision 21st century
906 ## - LOCAL DATA ELEMENT F, LDF (RLIN)
a 7
b cbc
c origode
d 4
e ncip
f 20
g y-gencatlg
942 ## - ADDED ENTRY ELEMENTS (KOHA)
Source of classification or shelving scheme
Koha item type Books - Non Ficton
Holdings
Withdrawn status Lost status Source of classification or shelving scheme Damaged status Not for loan Collection code Permanent Location Current Location Shelving location Date acquired Full call number Barcode Date last seen Price effective from Koha item type
          Non-Fiction KH8 Senior School Library KH8 Senior School Library Non Fiction 2025-01-24 959.5 ZAI 3KHSL000102137 2025-01-24 2025-01-24 Books - Non Ficton

Powered By KH8 IT Dept